El poder de los medios en la política
שמור ב:
| מחבר ראשי: | |
|---|---|
| פורמט: | ספר |
| שפה: | ספרדית |
| יצא לאור: |
Buenos Aires
Grupo Editor Latinoamericano
1986
|
| סדרה: | Temas
|
| נושאים: | |
| תגים: |
הוספת תג
אין תגיות, היה/י הראשונ/ה לתייג את הרשומה!
|
MARC
| LEADER | 00000nam a2200000 a 4500 | ||
|---|---|---|---|
| 001 | UCT6285 | ||
| 003 | CL-VaPUC | ||
| 008 | 970106e19860000AG |||||||||||||||||spa|d | ||
| 082 | 0 | 4 | |a 302.23 |b GRA |2 21 |
| 100 | |a Graber, Doris A |e author |9 578643 | ||
| 245 | 1 | 3 | |a El poder de los medios en la política |
| 300 | |a 417 p | ||
| 942 | |c BK | ||
| 945 | |d 19970106 00:00:00 |a paguirre | ||
| 260 | |a Buenos Aires |b Grupo Editor Latinoamericano |c 1986 | ||
| 650 | 0 | |a Política |9 255312 | |
| 650 | 0 | |a Medios de comunicación |9 257206 | |
| 650 | 0 | |a Comportamiento de masas |9 334654 | |
| 650 | 0 | |a Poder político |9 255509 | |
| 650 | 0 | |a Partidos políticos |9 254999 | |
| 650 | 0 | |a Historia |9 255047 | |
| 650 | 7 | |a POLITICA INTERNA |2 CL-VaPUC |9 342443 | |
| 650 | 0 | |a Prensa |9 258117 | |
| 650 | 0 | |a Periódicos |9 335528 | |
| 651 | 0 | |a Estados Unidos |9 255178 | |
| 583 | |a last modification |c 19970106 00:00:00 |k Rodrigo Vera | ||
| 490 | 0 | |a Temas | |
| 999 | |c 255000 |d 254998 | ||
| 952 | |0 0 |1 0 |4 0 |6 302_230000000000000_GRA_1986 |7 0 |8 A |9 277021 |a BIBDER |b BIBDER |d 2019-11-19 |i 1801392 |o 302.23 GRA 1986 |p 1801392 |r 2023-01-25 |w 2019-11-19 |y BK |k DER | ||